00926nam a22001457a 4500008004100000020002900041050002200070100001700092245004800109260003600157300002000193505051100213650002500724650003100749120529t xxu||||| |||| 00| 0 eng d a0749429399 9780749429393 aHF5549.5.T7.S4831 aSheal, Peter aStaff development handbook. /cPeter, Sheal aLondon : bKogan Page, c 1999. a240 p.:c24 cm. aContents: Introduction -- Developing others: your role in motivating performance -- How to introduce new staff to your organization -- How to provide mentoring and on-the-job training -- How to prepare for a group training session -- How to improve performance through training courses and seminars -- How to delegate work and responsibilities -- How to conduct effective performance reviews -- Appendix 1: How to develop and use presentation aids -- Appendix 2: Staff development references and resources. aCareer development.  aEmployees x Training of.